| 000 | 00399 a2200145 4500 | ||
|---|---|---|---|
| 082 | _a 301.44 | ||
| 090 |
_c3295 _d3295 |
||
| 100 | _aSorokin, Pitirim A. | ||
| 245 |
_aSocial and cultural mobility _cPitirim A.Sorokin |
||
| 260 |
_aIslamabad: _bNational Book Foundation. |
||
| 300 |
_a 645 p. _c24 cm. |
||
| 500 | _a Includes Index | ||
| 650 | _a1.Sociology.2.Social history. | ||
| 942 |
_cBK _k301.44 SOR |
||
| 999 |
_c7209 _d7209 |
||